[Event "Mittelrhein Verbandsliga-N 18/19"]
[Site "Nordrheinwestfalen"]
[Date "2019.05.05"]
[Round "10.3"]
[White "Weiser, Hans Josef"]
[Black "Vogel, Ulrich"]
[Result "0-1"]
[WhiteElo "1954"]
[BlackElo "2065"]
[PlyCount "32"]
[EventDate "2018.09.02"]
[EventType "team-tourn"]
[EventRounds "12"]
[EventCountry "GER"]
[SourceTitle "EXT 2022"]
[Source "ChessBase"]
[SourceDate "2021.10.06"]
[SourceVersion "1"]
[SourceVersionDate "2021.10.06"]
[SourceQuality "1"]
[WhiteTeam "Bergische SF"]
[BlackTeam "Kalker/Deutzer SG"]
[WhiteTeamCountry "GER"]
[BlackTeamCountry "GER"]

1. e4 c6 2. Nc3 d5 3. Nf3 dxe4 4. Nxe4 Nf6 5. Nxf6+ gxf6 6. d4 Bf5 7. Bd3 Nd7 8. Bxf5 Qa5+ 9. c3 Qxf5 10. Be3 e6 11. Qd2 Rg8 12. 0-0-0 Qd5 13. b3 Rxg2 14. Qe2 Qe4 15. Kb2 Bh6 16. Nd2 Qxe3 0-1

[Event "Mittelrhein Verbandsliga-N 18/19"]
[Site "Nordrheinwestfalen"]
[Date "2019.03.10"]
[Round "8.2"]
[White "Happ, Tobias"]
[Black "Weiser, Hans Josef"]
[Result "1/2-1/2"]
[WhiteElo "2025"]
[BlackElo "1954"]
[PlyCount "112"]
[EventDate "2018.09.02"]
[EventType "team-tourn"]
[EventRounds "12"]
[EventCountry "GER"]
[SourceTitle "EXT 2022"]
[Source "ChessBase"]
[SourceDate "2021.10.06"]
[SourceVersion "1"]
[SourceVersionDate "2021.10.06"]
[SourceQuality "1"]
[WhiteTeam "Hitdorf SV Springer"]
[BlackTeam "Bergische SF"]
[WhiteTeamCountry "GER"]
[BlackTeamCountry "GER"]

1. e4 c5 2. Nf3 d6 3. Bb5+ Nd7 4. 0-0 a6 5. Bxd7+ Bxd7 6. d4 cxd4 7. Qxd4 e5 8. Qe3 Nf6 9. c4 Rc8 10. b3 b5 11. Nbd2 Be7 12. Bb2 0-0 13. Rfd1 Qc7 14. Rac1 Qb7 15. Qd3 Bc6 16. cxb5 axb5 17. Re1 Rfd8 18. a3 Nd7 19. Qb1 Nf6 20. h3 Qa8 21. Nh2 Bb7 22. Nhf1 Rxc1 23. Bxc1 Rc8 24. Ng3 g6 25. Bb2 h5 26. Qd3 Bc6 27. Re2 Qb7 28. Kh2 Nd7 29. Qe3 Qb6 30. Qxb6 Nxb6 31. Nb1 f6 32. f3 d5 33. exd5 Nxd5 34. Rc2 Bd7 35. Rxc8+ Bxc8 36. Ne4 Kf7 37. Nec3 Nxc3 38. Nxc3 b4 39. axb4 Bxb4 40. Nd5 Bd6 41. Nb6 Bb7 42. Nc4 Bc5 43. Ba3 Bxa3 44. Nxa3 Ke6 45. Kg3 Kd6 46. b4 f5 47. Kf2 h4 48. Ke3 Bd5 49. Nb5+ Kc6 50. Nc3 Bc4 51. f4 e4 52. Kf2 Bd3 53. Ke3 Bf1 54. Kf2 Bc4 55. Ke3 Bd5 56. Kf2 Bc4 1/2-1/2